名前に植物が入る市町村 その2 - Statistics

General Stats
  • This quiz has been taken 49 times
  • The average score is 19 of 24
Answer Stats
Hint Answer % Correct
兵庫県 芦屋市
93%
愛知県 蒲郡市
93%
神奈川県 茅ヶ崎市
93%
長野県 茅野市
93%
静岡県 菊川市
91%
北海道 芦別市
91%
埼玉県 蓮田市
91%
北海道 室蘭市
87%
三重県 菰野町
83%
熊本県 苓北町
83%
熊本県 菊池市
80%
奈良県 香芝市
76%
北海道 蘭越町
74%
青森県 蓬田村
74%
熊本県 芦北町
74%
徳島県a 藍住町
74%
千葉県 横芝光町
74%
熊本県 菊陽町
72%
福岡県 芦屋町
72%
長野県 麻績村
67%
福岡県 嘉麻市
61%
千葉県 芝山町
61%
北海道 当麻町
50%
宮城県 色麻町
41%
No matching quizzes found
Score Distribution
Percent of People with Each Score
Percentile by Number Answered
Your Score History
You have not taken this quiz